| 000 | 01071cab a22002535a 4500 | ||
|---|---|---|---|
| 001 | L159893 | ||
| 008 | 150113e2017 xxk 000 0 eng d | ||
| 035 | _a(Sirsi) u159893 | ||
| 041 | 0 | _aeng | |
| 050 | _a691.2 $2 18 | ||
| 100 | 1 | _aForster, Alan | |
| 245 | 0 | 0 |
_aNatural Hydraulic Lime _h[electronic resource] |
| 260 |
_aLondon _bRICS _c2017 |
||
| 490 | _aBuilding Materials Information Sheet | ||
| 490 |
_aRICS Building Surveying Journal _vDecember 2017 - January 2018, 31(1) |
||
| 520 | _aNatural hydraulic lime (NHL) is a binder that was commonly used for many construction purposes until the early 20th century. Today, it has had a significant resurgence, partly due to its favourable performance for traditional applications compared to Portland cement. | ||
| 650 | 2 | 4 | _aLIMESTONE |
| 650 | 2 | 4 | _aMATERIAL FACTS |
| 651 | 4 |
_aUnited Kingdom _y |
|
| 690 | _aBUILT ENVIRONMENT-BUILDING MATERIALS | ||
| 856 | 4 | 0 |
_uhttps://issuu.com/ricsmodus/docs/building_surveying_journal_december_cfa9ea648afe6a _yAvailable free online via Issuu |
| 856 | 4 | 0 |
_u _z |
| 942 | _n0 | ||
| 999 |
_c85048 _d85048 |
||